[Event "IECC Swiss email"]
[Site "IECC email"]
[Date "1999.02.20"]
[Round "?"]
[White "Powles, Jonathan"]
[Black "Piskel, Ronald"]
[Result "1/2-1/2"]
[WhiteElo "1841"]
[BlackElo "1042"]
[PlyCount "42"]
[EventDate "1999.??.??"]
[EventType "tourn (corr)"]
[EventRounds "6"]
[SourceTitle "Corr 2008"]
[Source "ChessBase"]
[SourceDate "2008.06.24"]
[SourceVersion "1"]
[SourceVersionDate "2008.06.24"]
[SourceQuality "1"]

1. e4 c6 2. d4 d5 3. e5 c5 4. dxc5 e6 5. Be3 Ne7 6. Nf3 Nf5 7. Qd2 Nxe3 8. Qxe3 Qc7 9. b4 b6 10. Bb5+ Bd7 11. Bxd7+ Nxd7 12. c4 dxc4 13. 0-0 bxc5 14. b5 Rd8 15. Nbd2 Nb6 16. Rfc1 Nd5 17. Qe2 c3 18. Ne4 c4 19. a3 Be7 20. Nxc3 0-0 21. Rc2 Qa5 1/2-1/2